=LDR 00000nam 2200000 4500 =001 INLIS000000000810569 =005 20260607093610 =035 ##$$a 0010-0626000006 =007 ta =008 260607################g##########0#ind## =020 ##$$a 9786238371464 =082 ##$$a 332.024 =084 ##$$a 332.024 VIC y =100 #$$a Vicky Robin & Joe Dominguez ( Pengarang ) =245 1#$$a Your Money or Your Life : $b 9 Langkah Untuk Mengubah Huunganmu Dengan Uang Dan Mencapai Kemandirian Finansial =250 ##$$a Cet. 1 =260 ##$$a Tanggerang,New York :$b Baca,Penguin Publishing,$c 2020 =300 ##$$a xxi, 375 halaman : $b ilustrasi ; $c 23 cm =700 #$$a Nadya Andwiani ( Penerjemah ) =700 #$$a Jia Effendie ( Penyunting ) =600 #4$$a Keuangan Pribadi (Personal Finance) =500 ##$$a Buku ini merupakan hibah dari santri kelas XII Angkatan 3